Formula one drivers from Finland - Statistics

General Stats
  • This quiz has been taken 2,493 times
  • The average score is 7 of 10
Answer Stats
Hint Answer % Correct
2001-2009, 2012-present World Champion Sauber, McLaren, Ferrari, Lotus, Ferrari Kimi Räikkönen
98%
1991-2001 World Champion Lotus, McLaren Mika Häkkinen
95%
2013-present GP winner Williams, Mercedes Valtteri Bottas
95%
1978-1986 World Champion Theodore, ATS, Wolf, Fittipaldi, Williams, McLaren Keke Rosberg
85%
2006-present World Champion Williams, Mercedes Nico Rosberg
85%
2007-2013 GP winner Renault, McLaren, Lotus, Caterham, Lotus Heikki Kovalainen
76%
1994-2000, 2002 Podium driver Lotus, Tyrrel, Arrows, BAR, Ferrari, Sauber, Toyota Mika Salo
62%
1989-1994 Podium driver Onyx, Sauber, Benetton JJ Lehto
42%
1974 6 GP:s, 1 start AAW Racing team Leo Kinnunen
11%
1977 2 GP:s, no starts RAM Mikko Kozarowitzky
5%
No matching quizzes found
Score Distribution
Percent of People with Each Score
Percentile by Number Answered
Your Score History
You have not taken this quiz